000 00367nam a2200145Ia 4500
008 221030s9999 xx 000 0 und d
020 _a9350146095
041 _aEnglish
100 _aM. K. Pant
245 0 _aLaboratory Manual for Civil Engineering Students
_cby M. K. Pant
260 _bKatson
_aNew Delhi
_c2016
300 _a249
650 _aCivil
942 _cBK
999 _c17624
_d17624